[Event "302nd YMCA Spring C"]
[Site "Warsaw"]
[Date "2025.04.25"]
[Round "1"]
[White "Glowacki, Mateusz"]
[Black "Mueck, Piotr"]
[Result "1-0"]
[WhiteElo "1697"]
[BlackElo "1606"]
[PlyCount "41"]
[EventDate "2025.04.23"]
[EventType "tourn"]
[EventRounds "1"]
[SourceDate "2025.04.22"]

1. e4 c5 2. a3 Nc6 3. b4 cxb4 4. axb4 d5 5. b5 Ne5 6. exd5 Qxd5 7. Nc3 Qd8 8.
d4 Ng6 9. h4 e5 10. Ra4 Nxh4 11. b6 a6 12. Bb5+ axb5 13. Rxa8 Nxg2+ 14. Kf1 Nf4
15. dxe5 Bh3+ 16. Rxh3 Qxa8 17. Bxf4 Qa5 18. Nd5 Be7 19. Rc3 Bd8 20. Nc7+ Ke7
21. Qd6# 1-0

[Event "302nd YMCA Spring C"]
[Site "Warsaw"]
[Date "2025.04.23"]
[Round "1"]
[White "Marczukiewicz, Slawomir"]
[Black "Milczak, Piotr"]
[Result "1-0"]
[WhiteElo "1669"]
[BlackElo "1671"]
[PlyCount "117"]
[EventDate "2025.04.23"]
[EventType "tourn"]
[EventRounds "1"]
[SourceDate "2025.04.22"]

1. d4 d5 2. c4 c6 3. Nf3 Nf6 4. Nc3 e6 5. Bg5 Be7 6. e3 Nbd7 7. cxd5 exd5 8.
Bd3 h6 9. Bh4 O-O 10. Qc2 Re8 11. O-O Nf8 12. h3 Nh5 13. Bxe7 Qxe7 14. a3 Nf6
15. b4 a6 16. Nd2 Bd7 17. Na4 Qd8 18. Nc5 Bc8 19. a4 N8d7 20. a5 Nf8 21. Nf3
Ne6 22. Ne5 Re7 23. f4 Nc7 24. Rf3 Nce8 25. g4 Nd6 26. Rg3 Nfe4 27. Nxe4 Nxe4
28. Bxe4 dxe4 29. f5 f6 30. Qc4+ Kh7 31. Ng6 Rc7 32. Rc1 Bd7 33. Rg2 Be8 34.
Nf8+ Kh8 35. Ne6 Bf7 36. Nxd8 Bxc4 37. Nxb7 Bb5 38. Nc5 Re7 39. Ne6 Rc8 40.
Rgc2 Rd7 41. Kf2 Kg8 42. Rc3 Kf7 43. Kg3 Rd6 44. Nc5 Re8 45. Ne6 g5 46. h4 Re7
47. R3c2 Kg8 48. Rh2 Rh7 49. Rch1 Rdd7 50. Nc5 Rde7 51. hxg5 hxg5 52. Rxh7 Rxh7
53. Rxh7 Kxh7 54. Nxe4 Kg7 55. Nc3 Bc4 56. e4 Kf7 57. e5 fxe5 58. dxe5 Bb3 59.
Ne4 1-0

[Event "302nd YMCA Spring C"]
[Site "Warsaw"]
[Date "2025.04.24"]
[Round "1"]
[White "Ossolinski, Lukasz"]
[Black "Kuc, Mariusz"]
[Result "0-1"]
[WhiteElo "1567"]
[BlackElo "1674"]
[PlyCount "86"]
[EventDate "2025.04.23"]
[EventType "tourn"]
[EventRounds "1"]
[SourceDate "2025.04.22"]

1. b3 c5 2. e4 Nc6 3. Nf3 Nf6 4. e5 Nd5 5. c4 Nc7 6. Bb2 d6 7. exd6 Qxd6 8. Nc3
Bf5 9. a3 Rd8 10. Be2 e5 11. O-O Be7 12. d3 O-O 13. Ne4 Bxe4 14. dxe4 Bf6 15.
Qc2 Ne6 16. Rad1 Ned4 17. Nxd4 cxd4 18. c5 Qc7 19. b4 a6 20. Bc4 g6 21. Rd3 Kg7
22. Bc1 Qe7 23. Bd5 Bg5 24. Qe2 Bxc1 25. Rxc1 f5 26. f3 f4 27. Rd2 Qd7 28. Qd3
Ne7 29. Bb3 Rc8 30. Rdc2 Rf6 31. Rd1 g5 32. Rf2 g4 33. g3 Rcf8 34. Rdf1 Ng6 35.
Kg2 h5 36. fxg4 Qxg4 37. Kh1 Qh3 38. Kg1 h4 39. Rg2 hxg3 40. hxg3 Rh8 41. Rf3
Qh1+ 42. Kf2 fxg3+ 43. Kxg3 Qh4# 0-1

[Event "302nd YMCA Spring C"]
[Site "Warsaw"]
[Date "2025.04.23"]
[Round "1"]
[White "Szukalski, Antoni"]
[Black "Chudyk, Mateusz"]
[Result "1/2-1/2"]
[WhiteElo "1703"]
[BlackElo "1680"]
[PlyCount "55"]
[EventDate "2025.04.23"]
[EventType "tourn"]
[EventRounds "1"]
[SourceDate "2025.04.22"]

1. e4 c5 2. Nf3 e6 3. d4 cxd4 4. Nxd4 Nf6 5. Nc3 Nc6 6. Ndb5 d6 7. Bg5 a6 8.
Bxf6 gxf6 9. Nd4 Qb6 10. Nb3 h5 11. h4 Na5 12. Qd4 Qxd4 13. Nxd4 Bh6 14. Be2
Bf4 15. g3 Be5 16. O-O-O Nc6 17. Nxc6 Bxc3 18. Nd4 Ba5 19. f3 Ke7 20. g4 Bb6
21. c3 e5 22. Nf5+ Bxf5 23. exf5 Rad8 24. Rd5 Bf2 25. Rh2 Bg3 26. Rh3 Bf2 27.
Rh2 Bg3 28. Rh3 $11 1/2-1/2

[Event "302nd YMCA Spring C"]
[Site "Warsaw"]
[Date "2025.04.23"]
[Round "1"]
[White "Sypula, Krzysztof"]
[Black "Jaroszuk, Marcin"]
[Result "1/2-1/2"]
[WhiteElo "1683"]
[BlackElo "1693"]
[PlyCount "34"]
[EventDate "2025.04.23"]
[EventType "tourn"]
[EventRounds "1"]
[SourceDate "2025.04.22"]

1. d4 Nf6 2. c4 e6 3. Nc3 d5 4. cxd5 exd5 5. Bg5 c6 6. e3 Bf5 7. Nge2 h6 8. Bh4
Be7 9. f3 Nbd7 10. Bf2 O-O 11. Ng3 Bg6 12. Bd3 Bxd3 13. Qxd3 Re8 14. O-O Nb6
15. b3 Qd7 16. Rad1 Bb4 17. Nge2 Rad8 $11 1/2-1/2

[Event "302nd YMCA Spring C"]
[Site "Warsaw"]
[Date "2025.04.22"]
[Round "1"]
[White "Wiktorowski, Janusz"]
[Black "Matyszkiewicz, Radoslaw"]
[Result "0-1"]
[WhiteElo "1570"]
[BlackElo "1596"]
[PlyCount "90"]
[EventDate "2025.04.23"]
[EventType "tourn"]
[EventRounds "1"]
[SourceDate "2025.04.22"]

1. e4 c5 2. Nf3 e6 3. d4 cxd4 4. Nxd4 a6 5. a4 Nc6 6. Be3 Qc7 7. Nxc6 bxc6 8.
a5 Bb4+ 9. c3 Bxa5 10. b4 Bb6 11. Bxb6 Qxb6 12. Qd6 Nf6 13. f3 Qe3+ 14. Be2
Qc1+ 15. Kf2 Qxh1 16. Bf1 Bb7 17. Nd2 c5 18. bxc5 a5 19. Rb1 Bc6 20. Bd3 Qxb1
21. Bxb1 a4 22. Ba2 Kd8 23. Nc4 Ne8 24. Qf4 f6 25. Nb6 e5 26. Qd2 Rb8 27. c4
Ke7 28. Kg3 g5 29. Nd5+ Kf7 30. h3 Ng7 31. Nb4 Rhd8 32. Nd3 Ne6 33. h4 h6 34.
h5 Ke7 35. Nf2 Ng7 36. Qd6+ Kf7 37. Ng4 Nxh5+ 38. Kh2 Rh8 39. Nxh6+ Kg6 40. Nf5
Rb2 41. Ne7+ Kf7 42. Kh3 Nf4+ 43. Kg4 Rxg2+ 44. Kf5 Ne6 45. Nxc6 Ng7# 0-1

[Event "302nd YMCA Spring C"]
[Site "Warsaw"]
[Date "2025.04.29"]
[Round "2"]
[White "Mueck, Piotr"]
[Black "Matyszkiewicz, Radoslaw"]
[Result "1-0"]
[WhiteElo "1606"]
[BlackElo "1596"]
[PlyCount "93"]
[EventDate "2025.04.23"]
[EventType "tourn"]
[EventRounds "1"]
[SourceDate "2025.04.22"]

1. d4 Nf6 2. Nf3 g6 3. c4 d6 4. Nc3 Bg7 5. e4 O-O 6. Be2 e5 7. O-O Nc6 8. d5
Ne7 9. Ne1 Ne8 10. Be3 f5 11. f3 Nf6 12. Nd3 a5 13. c5 Nd7 14. Rc1 Nxc5 15.
Nxc5 dxc5 16. Bxc5 Bh6 17. Rb1 b6 18. Bf2 Bb7 19. Kh1 c6 20. dxc6 Bxc6 21. Qb3+
Kh8 22. Rfd1 Qc8 23. Qxb6 Qe8 24. Bc5 Nc8 25. Qb3 Rf7 26. Rd8 Qxd8 27. Qxf7 Qd7
28. Qxd7 Bxd7 29. Rd1 Be6 30. Rd8+ Bg8 31. Bc4 Nb6 32. Bxb6 Rxd8 33. Bxd8 Bxc4
34. Bxa5 Bd2 35. exf5 gxf5 36. Bc7 Bxc3 37. bxc3 Bxa2 38. Bxe5+ Kg8 39. Kg1 Kf7
40. Kf2 Ke6 41. f4 h5 42. Kg3 Bd5 43. Kh4 Bxg2 44. Kxh5 Kf7 45. Kg5 Be4 46. h4
Kg8 47. Kg6 1-0

[Event "302nd YMCA Spring C"]
[Site "Warsaw"]
[Date "2025.04.29"]
[Round "2"]
[White "Jaroszuk, Marcin"]
[Black "Wiktorowski, Janusz"]
[Result "1-0"]
[WhiteElo "1693"]
[BlackElo "1570"]
[PlyCount "187"]
[EventDate "2025.04.23"]
[EventType "tourn"]
[EventRounds "1"]
[SourceDate "2025.04.22"]

1. d4 d5 2. Nf3 h6 3. g3 Nc6 4. Bg2 Nf6 5. O-O Bf5 6. c4 e6 7. Nc3 Be4 8. Ne5
Bxg2 9. Kxg2 dxc4 10. Nxc6 bxc6 11. Qa4 Qd7 12. Qxc4 Bd6 13. e4 Be7 14. Rd1 O-O
15. d5 cxd5 16. exd5 exd5 17. Nxd5 Nxd5 18. Rxd5 Qe6 19. Be3 Bf6 20. Rb1 a6 21.
b3 Be7 22. Rbd1 Bd6 23. Bc5 Rfd8 24. Qd3 Qe7 25. Bxd6 Rxd6 26. Rxd6 cxd6 27.
Qxd6 Qe4+ 28. Kg1 Qe2 29. Qd2 Qf3 30. Qd5 Qxd5 31. Rxd5 Kf8 32. Kg2 Ke7 33. Kf3
g6 34. g4 Rc8 35. Rd2 Rc3+ 36. Kg2 Ke6 37. Re2+ Kd6 38. Rd2+ Ke6 39. Rd4 Ke5
40. Rd7 Ke6 41. Ra7 Rc6 42. Ra8 Kf6 43. Rb8 Kg5 44. Kg3 Kf6 45. Rh8 Kg7 46. Ra8
Kf6 47. Ra7 Rd6 48. f3 Rc6 49. a4 Rb6 50. a5 Rxb3 51. Rxa6+ Ke5 52. Ra8 Ra3 53.
a6 Kf6 54. Kf4 Ra4+ 55. Kg3 g5 56. Rh8 Kg7 57. Ra8 Kf6 58. a7 Kg7 59. Kf2 Ra3
60. Ke2 Ra2+ 61. Ke3 Ra4 62. Kd3 Ra1 63. Ke4 Ra4+ 64. Kd5 Ra1 65. Kc5 Rc1+ 66.
Kb4 Rb1+ 67. Kc3 Ra1 68. Kb2 Ra6 69. Kc3 Ra5 70. Kc4 Ra1 71. Kd4 Rd1+ 72. Kc3
Ra1 73. Kd2 Ra6 74. Ke3 Ra4 75. Kf2 Ra2+ 76. Kg3 Ra4 77. h4 Ra3 78. Rb8 Rxa7
79. Rb5 gxh4+ 80. Kxh4 Ra3 81. Kg3 Rc3 $11 82. Kf4 Rc6 83. Ke4 Re6+ 84. Re5 Kf6
85. Rxe6+ Kxe6 86. f4 Kf6 87. Kd5 Kg6 88. Ke5 Kg7 89. f5 Kg8 90. Kd6 Kf8 91.
Kd7 Kg7 92. Ke7 f6 93. Ke6 h5 94. gxh5 1-0

[Event "302nd YMCA Spring C"]
[Site "Warsaw"]
[Date "2025.04.30"]
[Round "2"]
[White "Chudyk, Mateusz"]
[Black "Sypula, Krzysztof"]
[Result "1/2-1/2"]
[WhiteElo "1680"]
[BlackElo "1683"]
[PlyCount "105"]
[EventDate "2025.04.23"]
[EventType "tourn"]
[EventRounds "1"]
[SourceDate "2025.04.22"]

1. e4 g6 2. d4 Bg7 3. Nf3 d6 4. Bc4 Nf6 5. Qe2 O-O 6. e5 Ne8 7. e6 d5 8. exf7+
Rxf7 9. Bb3 Bg4 10. Qb5 Bxf3 11. gxf3 e6 12. Qxb7 Nd7 13. Qc6 Nd6 14. Be3 Nb6
15. Nd2 Rb8 16. O-O-O Kh8 17. h4 Nf5 18. c3 Nxe3 19. fxe3 e5 20. dxe5 Bxe5 21.
f4 Rf6 22. Qc5 Bd6 23. Qa5 Qe7 24. h5 Qxe3 25. hxg6 Rxg6 26. Bc2 Rg7 27. f5 Bf4
28. Qb5 Rd8 29. Qd3 Qxd3 30. Bxd3 d4 31. f6 Rf7 32. c4 h6 33. Kc2 Bxd2 34. Rxd2
Rxf6 35. Rdh2 Kg7 36. Rg2+ Kf7 37. c5 Nd5 38. Bc4 Kf8 39. Bxd5 Rxd5 40. b4 a5
41. a3 axb4 42. axb4 Rg5 43. Rxg5 hxg5 44. Kd3 g4 $11 45. b5 g3 46. Kxd4 g2 47.
Rg1 Rg6 48. Kc4 Ke7 49. Kb4 Rg8 50. b6 cxb6 51. cxb6 Kd7 52. Kb5 Kc8 53. Kc4
$11 1/2-1/2

[Event "302nd YMCA Spring C"]
[Site "Warsaw"]
[Date "2025.05.14"]
[Round "2"]
[White "Kuc, Mariusz"]
[Black "Szukalski, Antoni"]
[Result "0-1"]
[WhiteElo "1674"]
[BlackElo "1703"]
[PlyCount "84"]
[EventDate "2025.04.23"]
[EventType "tourn"]
[EventRounds "1"]
[SourceDate "2025.04.22"]

1. e4 e5 2. Nf3 Nc6 3. d4 exd4 4. Nxd4 Nf6 5. Nxc6 bxc6 6. Bd3 d5 7. e5 Ng4 8.
O-O Bc5 9. Bf4 Qh4 10. Qe2 Nxf2 11. Rxf2 Qxf4 12. Nd2 Qxf2+ 13. Qxf2 Bxf2+ 14.
Kxf2 O-O 15. Ke3 Rb8 16. Kd4 Re8 17. Rb1 Bd7 18. Nb3 Rb4+ 19. Kc5 Rg4 20. g3
Rxe5 21. Nd4 h5 22. Rf1 Re3 23. Nxc6 d4 24. b4 Rg5+ 25. Kxd4 Rxd3+ 26. Kxd3
Bxc6 27. Rf4 Kf8 28. c4 a6 29. Kc3 Re5 30. Kd4 Re2 31. Kc5 Bb7 32. a4 Rxh2 33.
Rh4 Rxh4 34. gxh4 f5 35. b5 Ke7 36. Kd4 Ke6 37. c5 axb5 38. axb5 Be4 39. Ke3
Ke5 40. c6 f4+ 41. Kd2 Kd6 42. Ke1 Kc5 0-1

[Event "302nd YMCA Spring C"]
[Site "Warsaw"]
[Date "2025.04.30"]
[Round "2"]
[White "Milczak, Piotr"]
[Black "Ossolinski, Lukasz"]
[Result "1/2-1/2"]
[WhiteElo "1671"]
[BlackElo "1567"]
[PlyCount "109"]
[EventDate "2025.04.23"]
[EventType "tourn"]
[EventRounds "1"]
[SourceDate "2025.04.22"]

1. d4 Nf6 2. Nf3 d5 3. c4 e6 4. Nc3 Be7 5. Bg5 h6 6. Bh4 O-O 7. e3 b6 8. Bd3
dxc4 9. Bxc4 Bb7 10. O-O c5 11. dxc5 Qxd1 12. Rfxd1 Bxc5 13. Nb5 Na6 14. Nd6
Bxd6 15. Rxd6 Ne4 16. Rdd1 Rac8 17. Rac1 Nb4 18. a3 Nd5 19. Bd3 Nc5 20. Bc2 Ba6
21. Ne1 Bc4 22. Bh7+ Kxh7 23. Rxc4 Nb3 24. Rxc8 Rxc8 25. Bg3 Rc1 26. Rxc1 Nxc1
27. Kf1 f6 28. e4 Ne7 29. Bf4 Nb3 30. Ke2 e5 31. Be3 Kg6 32. Kd3 Kf7 33. Kc4
Na5+ 34. Kc3 Ke6 35. g4 Kd6 36. Nd3 Nac6 37. Nc1 Ng6 38. Ne2 Nh4 39. Ng3 g5 40.
Kd3 Ne7 41. Ke2 Kc6 42. Bd2 a5 43. Nh5 Ng8 44. f3 Kb5 45. Be3 Kc6 46. Bf2 Ng6
47. Kd2 Kb5 48. Ng7 Nf8 49. Nf5 Nd7 50. Ne3 Nc5 51. Nd5 Kc6 52. Kc3 Na4+ 53.
Kc2 Nc5 54. Kc3 Na4+ 55. Kc2 1/2-1/2

[Event "302nd YMCA Spring C"]
[Site "Warsaw"]
[Date "2025.05.08"]
[Round "2"]
[White "Glowacki, Mateusz"]
[Black "Marczukiewicz, Slawomir"]
[Result "0-1"]
[WhiteElo "1697"]
[BlackElo "1669"]
[PlyCount "72"]
[EventDate "2025.04.23"]
[EventType "tourn"]
[EventRounds "1"]
[SourceDate "2025.04.22"]

1. e4 c5 2. b4 cxb4 3. a3 e6 4. axb4 Bxb4 5. Bb2 Nf6 6. e5 Nd5 7. c4 Ne7 8. Nf3
Nbc6 9. Bd3 Ng6 10. O-O O-O 11. Re1 Bc5 12. Nc3 d5 13. cxd5 exd5 14. Bxg6 hxg6
15. d4 Be7 16. Ba3 Bxa3 17. Rxa3 Be6 18. Nb5 Na5 19. Ng5 Qxg5 20. Rxa5 a6 21.
Nc7 Rac8 22. Nxd5 Qd8 23. Qf3 b6 24. Rxa6 Bxd5 25. Qe3 Bb7 26. Ra7 Qd5 27. Qg3
Ra8 28. Rea1 Rxa7 29. Rxa7 Qxd4 30. h3 Bd5 31. Rd7 Qc5 32. Qd3 Be6 33. Rd6 b5
34. Qe4 b4 35. Rc6 Qd5 36. Qc2 b3 0-1

[Event "302nd YMCA Spring C"]
[Site "Warsaw"]
[Date "2025.05.07"]
[Round "3"]
[White "Marczukiewicz, Slawomir"]
[Black "Mueck, Piotr"]
[Result "1/2-1/2"]
[WhiteElo "1669"]
[BlackElo "1606"]
[PlyCount "78"]
[EventDate "2025.04.23"]
[EventType "tourn"]
[EventRounds "1"]
[SourceDate "2025.04.22"]

1. d4 Nf6 2. Nf3 g6 3. Bg5 Bg7 4. Nbd2 d5 5. c4 c6 6. e3 O-O 7. Be2 Bg4 8. O-O
Nbd7 9. h3 Bxf3 10. Nxf3 dxc4 11. Bxc4 Nb6 12. Bd3 Rc8 13. Rc1 Nfd7 14. b4 h6
15. Bh4 Qe8 16. Qb3 Kh7 17. Bg3 e5 18. dxe5 Nxe5 19. Nxe5 Bxe5 20. Bxe5 Qxe5
21. Rc5 Qe7 22. Rfc1 Rcd8 23. b5 cxb5 24. Bxb5 Rc8 25. Rxc8 Rxc8 26. Rxc8 Nxc8
27. Bc4 Nd6 28. Bd5 b6 29. Qd3 Qf6 30. g3 Kg7 31. Kg2 Qe5 32. e4 Ne8 33. Qc4
Qf6 34. Qe2 Nc7 35. e5 Qe7 36. Bc4 Ne6 37. Qe4 Nc5 38. Qd4 Qd7 39. Qxd7 Nxd7
1/2-1/2

[Event "302nd YMCA Spring C"]
[Site "Warsaw"]
[Date "2025.05.09"]
[Round "3"]
[White "Ossolinski, Lukasz"]
[Black "Glowacki, Mateusz"]
[Result "1/2-1/2"]
[WhiteElo "1567"]
[BlackElo "1697"]
[PlyCount "94"]
[EventDate "2025.04.23"]
[EventType "tourn"]
[EventRounds "1"]
[SourceDate "2025.04.22"]

1. e4 c5 2. Nf3 a6 3. c3 d5 4. exd5 Nf6 5. Qa4+ Bd7 6. Qb3 Qc7 7. d4 e6 8. dxe6
Bxe6 9. Bc4 Bxc4 10. Qxc4 b5 11. Qe2+ Be7 12. dxc5 O-O 13. O-O Bxc5 14. Bg5 Re8
15. Qc2 Nbd7 16. Nbd2 Re2 17. Qf5 Qa7 18. Bh4 Rae8 19. Rae1 g6 20. Qd3 Rxe1 21.
Rxe1 Rxe1+ 22. Nxe1 Ng4 23. Ne4 Bb6 24. h3 Nge5 25. Qd5 Bc7 26. Nf6+ Kg7 27.
Ne8+ Kf8 28. Nxc7 Qxc7 29. Bg3 f6 30. Nd3 Qc6 31. Qd4 Nf7 32. Nb4 Qe6 33. Nxa6
Qxa2 34. Qb4+ Kg7 35. Qxb5 Nde5 36. Nc5 Nc4 37. Bf4 g5 38. Be3 Nxb2 39. Qb3
Qa1+ 40. Kh2 Nd1 41. Bd4 Qc1 42. Ne6+ Kg6 43. c4 Qd2 44. Qf3 Ne5 45. Bxe5 fxe5
46. Qe4+ Kf6 47. Nc5 Nxf2 1/2-1/2

[Event "302nd YMCA Spring C"]
[Site "Warsaw"]
[Date "2025.05.07"]
[Round "3"]
[White "Szukalski, Antoni"]
[Black "Milczak, Piotr"]
[Result "1-0"]
[WhiteElo "1703"]
[BlackElo "1671"]
[PlyCount "77"]
[EventDate "2025.04.23"]
[EventType "tourn"]
[EventRounds "1"]
[SourceDate "2025.04.22"]

1. e4 e6 2. d4 d5 3. exd5 exd5 4. Nf3 Nf6 5. Bd3 Bd6 6. O-O O-O 7. Re1 Bg4 8.
Bg5 Nbd7 9. Nbd2 c6 10. c3 Qc7 11. h3 Bh5 12. Qc2 Rfe8 13. b4 Bg6 14. Bxg6 hxg6
15. a4 a6 16. a5 Rxe1+ 17. Rxe1 Re8 18. Rxe8+ Nxe8 19. Nb3 Nef6 20. Nc5 Bxc5
21. dxc5 Ne5 22. Nxe5 Qxe5 23. Be3 Qe4 24. Qc1 Qd3 25. Bd4 Ne4 26. Qe1 Kf8 27.
f3 Qd2 28. Qh4 Nf6 29. Qh8+ Ke7 30. Qb8 Qc1+ 31. Kh2 g5 32. Qxb7+ Kf8 33. Be5
Qe3 34. Qc8+ Ne8 35. Bd6+ Kg8 36. Qxc6 Nxd6 37. Qxd6 Qxc3 38. c6 d4 39. c7 1-0

[Event "302nd YMCA Spring C"]
[Site "Warsaw"]
[Date "2025.05.07"]
[Round "3"]
[White "Sypula, Krzysztof"]
[Black "Kuc, Mariusz"]
[Result "1-0"]
[WhiteElo "1683"]
[BlackElo "1674"]
[PlyCount "131"]
[EventDate "2025.04.23"]
[EventType "tourn"]
[EventRounds "1"]
[SourceDate "2025.04.22"]

1. Nf3 Nf6 2. g3 e6 3. Bg2 c5 4. d3 d5 5. Nbd2 Nc6 6. e4 Be7 7. O-O O-O 8. Re1
Qc7 9. c3 dxe4 10. dxe4 e5 11. Qc2 b6 12. Nf1 Rd8 13. Ne3 Bd6 14. Nc4 Ba6 15.
Bf1 Bb7 16. Bg5 Be7 17. Bxf6 Bxf6 18. Ne3 Ne7 19. Bc4 Qc6 20. Ng4 Ng6 21. Qb3
Rf8 22. Bd5 Qd7 23. Nxf6+ gxf6 24. c4 Bxd5 25. cxd5 b5 26. Qe3 c4 27. Kg2 Qg4
28. Kh1 Rfd8 29. Ng1 Ne7 30. f3 Qg5 31. Qc5 Nc8 32. a4 bxa4 33. Qxc4 Nb6 34.
Qd3 Rab8 35. Ne2 f5 36. Nc3 fxe4 37. fxe4 Rd6 38. Rf1 Rb7 39. Rf5 Qg7 40. Nb5
Rh6 41. Rf3 Rf6 42. Rd1 Nd7 43. Rxf6 Qxf6 44. Rf1 Nc5 45. Qe2 Qa6 46. Qg4+ Kf8
47. Qc8+ Kg7 48. Qxc5 Qxb5 49. Qxb5 Rxb5 50. Rf2 Rb4 51. Re2 Kf6 52. h4 h5 53.
Kg2 Rb3 54. Rc2 Re3 55. Rc6+ Kg7 56. Rc4 Re2+ 57. Kf3 Rxb2 58. Rxa4 Rb7 59. Ra3
Kf8 60. g4 hxg4+ 61. Kxg4 Kg7 62. Kf5 f6 63. Ra6 Rb6 64. Rxa7+ Kg8 65. Kg6 Kf8
66. h5 1-0

[Event "302nd YMCA Spring C"]
[Site "Warsaw"]
[Date "2025.05.06"]
[Round "3"]
[White "Wiktorowski, Janusz"]
[Black "Chudyk, Mateusz"]
[Result "1-0"]
[WhiteElo "1570"]
[BlackElo "1680"]
[PlyCount "81"]
[EventDate "2025.04.23"]
[EventType "tourn"]
[EventRounds "1"]
[SourceDate "2025.04.22"]

1. e4 c5 2. Nf3 e6 3. d4 cxd4 4. Nxd4 Nf6 5. Nc3 Nc6 6. Be3 Bb4 7. f3 d5 8. Bb5
O-O 9. Nxc6 bxc6 10. Bxc6 d4 11. Bxd4 Rb8 12. O-O Bxc3 13. bxc3 Qc7 14. Ba4 Ba6
15. Re1 Rfd8 16. e5 Nd5 17. Qd2 Rbc8 18. Rab1 Nxc3 19. Qxc3 Qxc3 20. Bxc3 Rxc3
21. Red1 Rdc8 22. Rd6 Bc4 23. Rc6 Rd8 24. Rb4 Rxc2 25. Bxc2 Bxa2 26. Rd6 Rf8
27. Rbd4 Bd5 28. Ra4 Ra8 29. Rxa7 Rf8 30. Rad7 g5 31. Rd8 Rxd8 32. Rxd8+ Kg7
33. Kf2 Bc4 34. Kg3 h6 35. h4 gxh4+ 36. Kxh4 Bf1 37. g4 Be2 38. f4 Bf3 39. f5
exf5 40. gxf5 h5 41. f6+ 1-0

[Event "302nd YMCA Spring C"]
[Site "Warsaw"]
[Date "2025.05.06"]
[Round "3"]
[White "Matyszkiewicz, Radoslaw"]
[Black "Jaroszuk, Marcin"]
[Result "1/2-1/2"]
[WhiteElo "1596"]
[BlackElo "1693"]
[PlyCount "66"]
[EventDate "2025.04.23"]
[EventType "tourn"]
[EventRounds "1"]
[SourceDate "2025.04.22"]

1. e4 e5 2. Nf3 Nc6 3. Bb5 a6 4. Ba4 d6 5. O-O Bg4 6. c3 Qf6 7. d3 Bxf3 8. Qxf3
Qxf3 9. gxf3 Nge7 10. f4 exf4 11. Bxf4 g5 12. Bg3 Ng6 13. Nd2 h5 14. h3 Be7 15.
f4 gxf4 16. Bxf4 Nxf4 17. Rxf4 Bg5 18. Raf1 Bxf4 19. Rxf4 Ke7 20. Nf3 Rag8+ 21.
Kf2 Ne5 22. Nxe5 dxe5 23. Rf5 f6 24. Bd1 Rg5 25. h4 Rxf5+ 26. exf5 c5 27. b3 a5
28. a4 b6 29. Bf3 Rg8 30. Be2 Kd6 31. Bf3 Ke7 32. Be2 Rb8 33. Bf3 Rg8 1/2-1/2

[Event "302nd YMCA Spring C"]
[Site "Warsaw"]
[Date "2025.05.15"]
[Round "4"]
[White "Mueck, Piotr"]
[Black "Jaroszuk, Marcin"]
[Result "1-0"]
[WhiteElo "1606"]
[BlackElo "1693"]
[PlyCount "85"]
[EventDate "2025.04.23"]
[EventType "tourn"]
[EventRounds "1"]
[SourceDate "2025.04.22"]

1. d4 Nf6 2. Nf3 e6 3. c4 d5 4. Nc3 c6 5. e3 Nbd7 6. Bd3 dxc4 7. Bxc4 b5 8. Bd3
a6 9. O-O c5 10. b3 Bb7 11. Bb2 Bd6 12. Rc1 O-O 13. Bb1 Rc8 14. Qe2 Qa5 15.
Rfd1 h6 16. dxc5 Bxc5 17. Nd4 Bb4 18. Qd3 Ne5 19. Qd2 Nd5 20. Nde2 Nxc3 21.
Bxc3 Rfd8 22. Bxb4 Rxc1 23. Rxc1 Rxd2 24. Bxa5 Rxe2 25. Kf1 Rb2 26. Bc3 Rxb1
27. Rxb1 Nd3 28. f3 e5 29. Ke2 e4 30. Rd1 f5 31. g4 exf3+ 32. Kxd3 Be4+ 33. Kd2
fxg4 34. Ke1 h5 35. Kf2 h4 36. b4 g6 37. Rd7 Bc6 38. Rg7+ Kf8 39. Rxg6 Bd7 40.
Rxa6 g3+ 41. hxg3 h3 42. Rh6 Bg4 43. Rh4 1-0

[Event "302nd YMCA Spring C"]
[Site "Warsaw"]
[Date "2025.05.14"]
[Round "4"]
[White "Chudyk, Mateusz"]
[Black "Matyszkiewicz, Radoslaw"]
[Result "1-0"]
[WhiteElo "1680"]
[BlackElo "1596"]
[PlyCount "83"]
[EventDate "2025.04.23"]
[EventType "tourn"]
[EventRounds "1"]
[SourceDate "2025.04.22"]

1. e4 c5 2. Nf3 e6 3. d4 cxd4 4. Nxd4 a6 5. Nc3 Qc7 6. Qf3 Nc6 7. Nxc6 bxc6 8.
Qg3 Qxg3 9. hxg3 Bb4 10. Bd2 Nf6 11. e5 Nd5 12. Ne4 a5 13. Bxb4 Nxb4 14. Nd6+
Ke7 15. Kd2 f6 16. a3 Nd5 17. c4 Nb6 18. c5 Nd5 19. Bd3 h6 20. f4 fxe5 21. fxe5
Rb8 22. Rab1 Rf8 23. Rhf1 Nc7 24. Rxf8 Kxf8 25. Bh7 Ba6 26. b4 axb4 27. Rb3 Ke7
28. Be4 Nb5 29. Rxb4 Rf8 30. Bf3 Nxa3 31. Ra4 Nb1+ 32. Kc2 Ra8 33. Nc8+ Kd8 34.
Nb6 Na3+ 35. Rxa3 Ra7 36. Kb2 Kc7 37. Be2 Kb7 38. Rxa6 Rxa6 39. Bxa6+ Kxa6 40.
Nxd7 Kb5 41. Kc3 g6 42. Kd4 1-0

[Event "302nd YMCA Spring C"]
[Site "Warsaw"]
[Date "2025.05.21"]
[Round "4"]
[White "Milczak, Piotr"]
[Black "Sypula, Krzysztof"]
[Result "1/2-1/2"]
[WhiteElo "1671"]
[BlackElo "1683"]
[PlyCount "91"]
[EventDate "2025.04.23"]
[EventType "tourn"]
[EventRounds "1"]
[SourceDate "2025.04.22"]

1. d4 Nf6 2. Nf3 g6 3. c4 Bg7 4. Nc3 d6 5. e4 O-O 6. Be2 c6 7. O-O Nbd7 8. Re1
Qc7 9. h3 e5 10. d5 Nc5 11. Bf1 a5 12. Nd2 Ne8 13. Na4 Nxa4 14. Qxa4 Bd7 15.
Qd1 f5 16. Bd3 cxd5 17. cxd5 b5 18. Qc2 Qb6 19. Nf3 Rc8 20. Qe2 f4 21. Bd2 Nf6
22. Rec1 b4 23. Rxc8 Rxc8 24. Rc1 h6 25. Rxc8+ Bxc8 26. Be1 g5 27. Qc2 Bd7 28.
Kf1 Ne8 29. Nd2 a4 30. f3 Bf6 31. Nc4 Qb8 32. b3 Be7 33. bxa4 Nc7 34. Qb3 Na6
35. Nxe5 dxe5 36. Bxa6 Bd6 37. Bd3 Qb6 38. Bf2 Qa5 39. Bc2 h5 40. Bd1 Kg7 41.
Qc2 Kf6 42. Kg1 Qa6 43. Bc5 Bxa4 44. Qxa4 Bxc5+ 45. Kh2 Qxa4 46. Bxa4 1/2-1/2

[Event "302nd YMCA Spring C"]
[Site "Warsaw"]
[Date "2025.05.16"]
[Round "4"]
[White "Glowacki, Mateusz"]
[Black "Szukalski, Antoni"]
[Result "0-1"]
[WhiteElo "1697"]
[BlackElo "1703"]
[PlyCount "78"]
[EventDate "2025.04.23"]
[EventType "tourn"]
[EventRounds "1"]
[SourceDate "2025.04.22"]

1. e4 e5 2. f4 exf4 3. Bc4 Qh4+ 4. Kf1 d6 5. Nf3 Qh5 6. Nc3 c6 7. d4 g5 8. h4
Be7 9. Nxg5 Bg4 10. Bxf7+ Qxf7 11. Qxg4 Bxg5 12. Qc8+ Bd8 13. d5 Qd7 14. Qxd7+
Nxd7 15. Bxf4 Ne5 16. Rd1 Rc8 17. Bxe5 dxe5 18. d6 Nf6 19. g4 O-O 20. Ke2 Nd7
21. g5 Bb6 22. Rh2 Rf4 23. b4 Rcf8 24. Rd3 Bd4 25. b5 Nc5 26. bxc6 bxc6 27. Rg3
Nxe4 28. Nxe4 Rxe4+ 29. Kd3 Ref4 30. g6 Rf3+ 31. Rxf3 Rxf3+ 32. Ke2 Rf6 33.
gxh7+ Kxh7 34. d7 Rd6 35. Kf3 Rxd7 36. Ke4 Rf7 37. Rh3 Rf4+ 38. Kd3 Bb6 39. c3
e4+ 0-1

[Event "302nd YMCA Spring C"]
[Site "Warsaw"]
[Date "2025.05.14"]
[Round "4"]
[White "Marczukiewicz, Slawomir"]
[Black "Ossolinski, Lukasz"]
[Result "1-0"]
[WhiteElo "1669"]
[BlackElo "1567"]
[PlyCount "45"]
[EventDate "2025.04.23"]
[EventType "tourn"]
[EventRounds "1"]
[SourceDate "2025.04.22"]

1. c4 e5 2. Nc3 g6 3. Nf3 Bg7 4. g3 Ne7 5. Bg2 c6 6. d4 exd4 7. Nxd4 O-O 8. O-O
d6 9. e4 Nd7 10. Rb1 Rb8 11. Bg5 Nc5 12. Be3 Ne6 13. Nb3 a6 14. a4 Qc7 15. a5
c5 16. Ra1 Bd7 17. Qd2 Rfd8 18. Rfd1 Bc6 19. Nd5 Bxd5 20. cxd5 Nf8 21. Qc2 Nd7
22. f4 b5 23. e5 1-0

[Event "302nd YMCA Spring C"]
[Site "Warsaw"]
[Date "2025.05.21"]
[Round "5"]
[White "Ossolinski, Lukasz"]
[Black "Mueck, Piotr"]
[Result "0-1"]
[WhiteElo "1567"]
[BlackElo "1606"]
[PlyCount "72"]
[EventDate "2025.04.23"]
[EventType "tourn"]
[EventRounds "1"]
[SourceDate "2025.04.22"]

1. d4 Nf6 2. c4 g6 3. Nc3 Bg7 4. Nf3 O-O 5. Bf4 d6 6. e3 Nbd7 7. Be2 c5 8. O-O
a6 9. Rc1 Qc7 10. h3 b6 11. Ng5 Bb7 12. Bf3 h6 13. Nge4 Nxe4 14. Nxe4 e5 15.
dxe5 dxe5 16. Bg3 Rad8 17. Nc3 Bxf3 18. Qxf3 Nf6 19. Rfd1 Rfe8 20. e4 Rd4 21.
Rxd4 cxd4 22. Nd5 Nxd5 23. cxd5 Qxc1+ 24. Kh2 Qxb2 25. Qd3 Qb5 26. Qa3 Bf8 27.
Qc1 Qc5 28. Qd2 Qc3 29. Qe2 d3 30. Qe3 Qc2 31. Qxb6 d2 32. Qf6 d1=Q 33. Bxe5
Rxe5 34. Qxe5 Qxf2 35. a4 Qdd2 36. a5 Qxg2# 0-1